| 000 | 00785nam a2200241Ia 4500 | ||
|---|---|---|---|
| 003 | GCL | ||
| 008 | 140319s9999 xx 000 0 ara d | ||
| 040 |
_aGCL / _cGCL |
||
| 082 | 0 | 4 |
_a910.202 _bهـ م |
| 100 | 1 | _aالهيئة العامة للاستعلامات | |
| 245 | 1 | 0 |
_aمصر حضارة وانجاز / _cالهيئة العامة للاستعلامات |
| 260 |
_a[S.N] : _bوزارة الاعلام الهيئة العامة للاستعلامات ، _c1993 |
||
| 490 | _a | ||
| 650 | 0 | 4 | _aمصر |
| 650 | 0 | 4 | _aتاريخ |
| 650 | 0 | 4 | _aالاثار الاسلامية |
| 650 | 0 | 4 | _aالاثار الفرعونية |
| 650 | 0 | 4 | _aالمساجد |
| 650 | 0 | 4 | _aالمتاحف |
| 650 | 0 | 4 | _aالمبانى العامة |
| 650 | 0 | 4 | _aالكنائس |
| 942 |
_2ddc _cBK |
||
| 999 |
_c27861 _d27861 |
||